Fundamentals of Cost Accounting. (Record no. 5594)

MARC details
005 - DATE AND TIME OF LATEST TRANSACTION
control field 20250627105831.0
020 ## - INTERNATIONAL STANDARD BOOK NUMBER
International Standard Book Number 0-07-301837-6
082 ## - DEWEY DECIMAL CLASSIFICATION NUMBER
Classification number 657.42 MAH
100 ## - MAIN ENTRY--PERSONAL NAME
Author name MAHER, M. W.
245 ## - TITLE STATEMENT
Title Fundamentals of Cost Accounting.
260 ## - PUBLICATION, DISTRIBUTION, ETC.
Place of publication, distribution, etc. New York,
Name of publisher, distributor, etc. McGraw Hill,
Date of publication, distribution, etc. 2006.
300 ## - PHYSICAL DESCRIPTION
Extent xxvi, 579p.: ill.; picture
Other physical details Glossary & Index
Dimensions 28cm
700 ## - ADDED ENTRY--PERSONAL NAME
Other authors/Editors LANEN, W. N. [...et al...]
942 ## - ADDED ENTRY ELEMENTS (KOHA)
Source of classification or shelving scheme Dewey Decimal Classification
Koha item type Books
Holdings
Date last seen Total checkouts Full call number Barcode Cost, replacement price Price effective from Koha item type Lost status Source of classification or shelving scheme Damaged status Not for loan Withdrawn status Home library Current library Shelving location Date acquired Cost, normal purchase price
06/27/2025   657.42 MAH DOM000531 450000.00 06/27/2025 Books   Dewey Decimal Classification       CBE Dodoma CBE Dodoma General Collection 02/17/2010 150000.00
06/27/2025   657.42 MAH DOM000541 450000.00 06/27/2025 Books   Dewey Decimal Classification       CBE Dodoma CBE Dodoma General Collection 02/17/2010 150000.00
06/27/2025   657.42 MAH DOM000246 450000.00 06/27/2025 Books   Dewey Decimal Classification       CBE Dodoma CBE Dodoma General Collection 02/17/2010 150000.00
06/27/2025   657.42 MAH DOM000342 450000.00 06/27/2025 Books   Dewey Decimal Classification       CBE Dodoma CBE Dodoma General Collection 02/17/2010 150000.00
06/27/2025   657.42 MAH DOM000542 450000.00 06/27/2025 Books   Dewey Decimal Classification       CBE Dodoma CBE Dodoma General Collection 02/17/2010 150000.00
06/27/2025   657.42 MAH DOM000545 450000.00 06/27/2025 Books   Dewey Decimal Classification       CBE Dodoma CBE Dodoma General Collection 02/17/2010 150000.00